Govt. of
Madhya Pradesh

MAGBOOK Indian History (Record no. 68058)

MARC details
000 -LEADER
fixed length control field 00266nam a22001097a 4500
082 ## - DEWEY DECIMAL CLASSIFICATION NUMBER
Classification number 954
100 ## - MAIN ENTRY--AUTHOR NAME
Personal name Pandey,Manohar
245 ## - TITLE STATEMENT
Title MAGBOOK Indian History
260 ## - PUBLICATION, DISTRIBUTION, ETC. (IMPRINT)
Place of publication Meerut UP
Name of publisher Arihant Publication
Year of publication 2025
650 ## - SUBJECT ADDED ENTRY--TOPICAL TERM
Topical Term Indian History
942 ## - ADDED ENTRY ELEMENTS (KOHA)
Koha item type Competitive Books
Holdings
Withdrawn status Lost status Damaged status Not for loan Home library Current library Date acquired Cost, normal purchase price Full call number Accession Number Price effective from Koha item type
        MACL MACL 01/08/2025 350.00 954 DPI003741 01/08/2025 Competitive Books
        MACL MACL 01/08/2025 350.00 954 DPI003742 01/08/2025 Competitive Books